Album e cantanti - Statistics

Statistiche generali
  • Questo quiz è stato fatto 54 volte
  • Il punteggio medio è 6 su 13
Statistiche sulle risposte
Hint Risposta % Corretto
Gli spari sopra Vasco Rossi
92%
Una giornata uggiosa Lucio Battisti
73%
Miss mondo Ligabue
67%
Safari Jovanotti
61%
La sesión cubana Zucchero
51%
Prima di partire Irene Grandi
41%
Stilelibero Eros Ramazzotti
39%
Stonata Giorgia
33%
Amici non ne ho... ma amiche sì! Loredana Berté
33%
Per brevità chiamato artista Francesco De Gregori
24%
Il cielo capovolto Roberto Vecchioni
24%
Nostra signora degli autogrill Francesco Baccini
8%
Disperato ma non serio Giorgio Faletti
6%
Nessun quiz corrispondente trovato
Distribuzione punteggi
Percentuale di utenti per punteggio
Percentile per numero di risposta
I tuoi punteggi nel tempo
Non hai fatto questo quiz